[Event "Pan American Intercollegiate-chT"]
[Site "Chess.com INT"]
[Date "2021.01.06"]
[Round "7"]
[White "Burke, John M"]
[Black "Fields, Noah Dennis"]
[Result "1-0"]
[WhiteElo "2522"]
[BlackElo "1833"]
[PlyCount "125"]
[EventDate "2021.01.04"]
[EventType "team-swiss (rapid)"]
[EventRounds "9"]
[EventCountry "USA"]
[SourceTitle "CBM 200 Extra"]
[Source "ChessBase"]
[SourceDate "2021.03.31"]
[SourceVersion "1"]
[SourceVersionDate "2021.03.31"]
[SourceQuality "1"]
[WhiteTeam "Webster Univ II"]
[BlackTeam "Stanford"]
[WhiteTeamCountry "USA"]
[BlackTeamCountry "USA"]

1. e4 c5 2. Nf3 e6 3. g3 Nc6 4. Bg2 d6 5. 0-0 Nge7 6. b3 g6 7. Bb2 e5 8. Nh4 Bg7 9. f4 0-0 10. f5 g5 11. Nf3 f6 12. Nc3 b6 13. Rf2 Ba6 14. a4 Qd7 15. h4 g4 16. Nh2 h5 17. Bf1 Bxf1 18. Nxf1 Bh6 19. Ne3 Rad8 20. Qf1 Nb4 21. Ba3 Bxe3 22. dxe3 Kg7 23. Rd1 Qc6 24. Rfd2 Rd7 25. Qc4 a5 26. Qe6 Rfd8 27. Kf2 Na6 28. Qc4 Nc7 29. Nd5 Ncxd5 30. exd5 Qb7 31. e4 Rb8 32. Bb2 b5 33. axb5 Qxb5 34. Qxb5 Rxb5 35. Bc3 Ra7 36. Ra1 Nc8 37. Ke2 Kf7 38. Rdd1 Ke7 39. Ra3 c4 40. bxc4 Rc5 41. Rda1 Nb6 42. Rxa5 Rcxa5 43. Rxa5 Rxa5 44. Bxa5 Nxc4 45. Bc3 Nb6 46. Kd3 Kd7 47. Bb4 Nc8 48. c4 Kc7 49. Bd2 Nb6 50. Ba5 Kb7 51. Bxb6 Kxb6 52. Kc2 Ka6 53. Kb3 Kb7 54. Kb4 Kb6 55. c5+ dxc5+ 56. Kc4 Kb7 57. Kxc5 Kc7 58. d6+ Kd7 59. Kd5 Ke8 60. Ke6 Kd8 61. d7 Kc7 62. Ke7 Kc6 63. d8Q 1-0

[Event "Pan American Intercollegiate-chT"]
[Site "Chess.com INT"]
[Date "2021.01.06"]
[Round "9"]
[White "Virani, Arish"]
[Black "Fields, Noah Dennis"]
[Result "1/2-1/2"]
[WhiteElo "1849"]
[BlackElo "1833"]
[PlyCount "65"]
[EventDate "2021.01.04"]
[EventType "team-swiss (rapid)"]
[EventRounds "9"]
[EventCountry "USA"]
[SourceTitle "CBM 200 Extra"]
[Source "ChessBase"]
[SourceDate "2021.03.31"]
[SourceVersion "1"]
[SourceVersionDate "2021.03.31"]
[SourceQuality "1"]
[WhiteTeam "Georgia Inst of Technology"]
[BlackTeam "Stanford"]
[WhiteTeamCountry "USA"]
[BlackTeamCountry "USA"]

1. d4 d5 2. c4 e6 3. Nf3 Nf6 4. g3 Be7 5. Bg2 0-0 6. 0-0 c6 7. Qc2 Nbd7 8. b3 b6 9. Bb2 Bb7 10. Nbd2 Rc8 11. e4 dxe4 12. Nxe4 Nxe4 13. Qxe4 Nf6 14. Qe2 Qc7 15. Rad1 Rfd8 16. Ne5 c5 17. Bxb7 Qxb7 18. f4 cxd4 19. Bxd4 Rxd4 20. Rxd4 Bc5 21. Rfd1 Rd8 22. Qe3 Rxd4 23. Rxd4 h6 24. Nd3 Bxd4 25. Qxd4 Qd7 26. Qxd7 Nxd7 27. b4 Kf8 28. Kf2 Ke7 29. Ke3 Kd6 30. Ke4 f6 31. g4 Nb8 32. h4 Nc6 33. h5 1/2-1/2

[Event "Windsor NAYCC U16"]
[Site "Windsor"]
[Date "2016.08.11"]
[Round "8.44"]
[White "Saha, Ananda"]
[Black "Fields, Noah Dennis"]
[Result "1/2-1/2"]
[WhiteElo "1920"]
[BlackElo "1963"]
[PlyCount "70"]
[EventDate "2016.08.07"]
[EventType "swiss"]
[EventRounds "9"]
[EventCountry "CAN"]
[SourceTitle "EXT 2022"]
[Source "ChessBase"]
[SourceDate "2021.10.06"]
[SourceVersion "1"]
[SourceVersionDate "2021.10.06"]
[SourceQuality "1"]

1. d4 d5 2. c4 e6 3. Nc3 Nf6 4. cxd5 exd5 5. Bg5 Nbd7 6. e3 c6 7. Qc2 Be7 8. Bd3 0-0 9. Nf3 Re8 10. h3 Nf8 11. 0-0 h6 12. Bh4 Ne4 13. Bxe4 Bxh4 14. Bd3 Bf6 15. b4 Bd7 16. b5 Qa5 17. bxc6 bxc6 18. Rab1 Rab8 19. Na4 Ne6 20. Rfc1 Rec8 21. Rxb8 Rxb8 22. Bf5 c5 23. Nxc5 Nxc5 24. dxc5 Ba4 25. Qd2 Qxd2 26. Nxd2 g6 27. Bd3 Rc8 28. Ba6 Rc7 29. Nb3 Be7 30. Kf1 Bxb3 31. axb3 Rxc5 32. Rxc5 Bxc5 33. Ke2 d4 34. e4 Kg7 35. f4 Kf6 1/2-1/2

[Event "Windsor NAYCC U16"]
[Site "Windsor"]
[Date "2016.08.09"]
[Round "4.38"]
[White "Rodrigue Lemieux, Shawn"]
[Black "Fields, Noah Dennis"]
[Result "1-0"]
[WhiteElo "2044"]
[BlackElo "1963"]
[PlyCount "77"]
[EventDate "2016.08.07"]
[EventType "swiss"]
[EventRounds "9"]
[EventCountry "CAN"]
[SourceTitle "EXT 2022"]
[Source "ChessBase"]
[SourceDate "2021.10.06"]
[SourceVersion "1"]
[SourceVersionDate "2021.10.06"]
[SourceQuality "1"]

1. d4 d5 2. c4 e6 3. Nc3 Nf6 4. Bg5 Nbd7 5. cxd5 exd5 6. e3 c6 7. Bd3 Be7 8. Nge2 0-0 9. Qc2 Re8 10. 0-0 Nf8 11. Rab1 Ng6 12. Ng3 Ng4 13. Bxe7 Qxe7 14. h3 Nf6 15. b4 Bd7 16. b5 c5 17. dxc5 Qxc5 18. Nce2 Rac8 19. Qb2 Ne5 20. Rfc1 Qd6 21. Rd1 Rc5 22. Nd4 Nxd3 23. Rxd3 Qb6 24. a4 Rc4 25. Ra1 Rec8 26. Ndf5 Bxf5 27. Nxf5 Qe6 28. Rxd5 g6 29. Re5 Rb4 30. Rxe6 Rxb2 31. Rxf6 gxf5 32. Rxf5 Rcc2 33. Rf4 a6 34. bxa6 bxa6 35. Rd1 Rd2 36. Rxd2 Rxd2 37. Rf6 Rd1+ 38. Kh2 Rd2 39. Kg3 1-0

[Event "Pacific Southwest op"]
[Site "Irvine"]
[Date "2015.07.04"]
[Round "2"]
[White "Wang, Annie"]
[Black "Fields, Noah Dennis"]
[Result "1-0"]
[WhiteElo "2042"]
[BlackElo "1890"]
[PlyCount "77"]
[EventDate "2015.07.03"]
[EventType "swiss"]
[EventRounds "6"]
[EventCountry "USA"]
[SourceTitle "EXT 2018"]
[Source "ChessBase"]
[SourceDate "2017.10.13"]
[SourceVersion "1"]
[SourceVersionDate "2017.10.13"]
[SourceQuality "1"]

1. d4 d5 2. c4 e6 3. Nc3 Nf6 4. cxd5 exd5 5. Bg5 Nbd7 6. e3 c6 7. Bd3 Be7 8. Nge2 Ne4 9. Bxe7 Qxe7 10. Bxe4 dxe4 11. Ng3 0-0 12. Ngxe4 f5 13. Nd2 b6 14. 0-0 c5 15. dxc5 Nxc5 16. b4 Nd3 17. a3 Rd8 18. Nb5 Kh8 19. Nd4 Qf6 20. Nc4 Nf4 21. Qf3 Nd5 22. Rad1 g6 23. Ne2 Bb7 24. Nf4 Qc6 25. Rxd5 Rxd5 26. Qxd5 Qxd5 27. Nxd5 Bxd5 28. Ne5 Rc8 29. h3 Kg7 30. Rd1 Be6 31. Rd6 Rc1+ 32. Kh2 Kf6 33. Nc6 Kf7 34. Nxa7 Ke7 35. Rxb6 Bd7 36. b5 Rc7 37. Nc6+ Bxc6 38. Rxc6 Ra7 39. Ra6 1-0

[Event "Victoria Grand Pacific op 9th"]
[Site "Victoria"]
[Date "2015.04.04"]
[Round "3"]
[White "Fields, Noah Dennis"]
[Black "Sohal, Tanraj"]
[Result "0-1"]
[WhiteElo "2103"]
[BlackElo "2331"]
[PlyCount "68"]
[EventDate "2015.04.03"]
[EventType "swiss"]
[EventRounds "6"]
[EventCountry "CAN"]
[SourceTitle "CBM 166 Extra"]
[Source "ChessBase"]
[SourceDate "2015.06.18"]
[SourceVersion "1"]
[SourceVersionDate "2015.06.18"]
[SourceQuality "1"]

1. e4 c5 2. Nf3 e6 3. d4 cxd4 4. Nxd4 Nf6 5. Nc3 Nc6 6. Ndb5 d6 7. Bf4 e5 8. Bg5 a6 9. Na3 b5 10. Nd5 Be7 11. Bxf6 Bxf6 12. c3 Bg5 13. Be2 0-0 14. 0-0 Ne7 15. c4 Nxd5 16. Qxd5 Be6 17. Qc6 b4 18. Nc2 a5 19. Rfd1 Rc8 20. Qa6 Qc7 21. b3 Rfd8 22. h4 Bh6 23. c5 Qxc5 24. Ne1 Ra8 25. Qd3 a4 26. g4 f6 27. Qg3 Bf4 28. Qf3 axb3 29. axb3 Rxa1 30. Rxa1 Qc3 31. Qxc3 bxc3 32. Bc4 Bxc4 33. bxc4 Rb8 34. Nd3 c2 0-1

[Event "Washington Class-ch Expert"]
[Site "Redmond"]
[Date "2012.11.23"]
[Round "4"]
[White "Fields, Noah Dennis"]
[Black "Gedajlovic, Max"]
[Result "0-1"]
[WhiteElo "1837"]
[BlackElo "1570"]
[PlyCount "66"]
[EventDate "2012.11.23"]
[EventType "swiss"]
[EventRounds "6"]
[EventCountry "USA"]
[SourceTitle "EXT 2017"]
[Source "ChessBase"]
[SourceDate "2016.10.25"]
[SourceVersion "1"]
[SourceVersionDate "2016.10.25"]
[SourceQuality "1"]

1. e4 c5 2. Nf3 d6 3. d4 cxd4 4. Nxd4 Nf6 5. Nc3 g6 6. Be3 Bg7 7. f3 0-0 8. Qd2 Nc6 9. 0-0-0 d5 10. Nxc6 bxc6 11. exd5 cxd5 12. Nxd5 Nxd5 13. Qxd5 Qc7 14. Qc5 Qb7 15. c3 Be6 16. Bd3 Rab8 17. Qa3 Be5 18. Rd2 Bd6 19. Qa4 Qc7 20. a3 Be5 21. Qxa7 Rb7 22. Qa6 Rxb2 23. c4 Qb8 24. Qa5 Rb3 25. Qa4 Rxd3 26. Rxd3 Qb2+ 27. Kd1 Qb1+ 28. Kd2 Qxh1 29. Bh6 Qxg2+ 30. Ke3 Qg1+ 31. Ke4 Qxh2 32. Rd1 Qe2+ 33. Be3 f5+ 0-1